| 000 | 01218nam a22003611 4500 | ||
|---|---|---|---|
| 001 | bslw10045743 | ||
| 005 | 20240305165649.0 | ||
| 006 | m o d | ||
| 007 | cr un ---uuuua | ||
| 008 | 230418s2014 ck ob 000 0 spa d | ||
| 020 | _a9789587710519 | ||
| 020 |
_a9789587710526 _q(e-ISBN) |
||
| 035 | _a38282 | ||
| 040 |
_aUtOrBLW _beng _erda _cUtOrBLW |
||
| 050 | 4 |
_aPN145 _b.N56 2014 |
|
| 082 | 0 | 4 |
_a808.02 _223 |
| 100 | 1 |
_aNiño Rojas, Víctor Miguel, _eauthor. |
|
| 245 | 1 | 0 |
_aEscribir a su alcancce : _blo que usted necesita saber para despertar la habilidad de redactar un texto / _cVíctor Miguel Niño Rojas. |
| 250 | _aPrimera edición. | ||
| 264 | 1 |
_aBogotá, Colombia : _bECOE Ediciones, _c2014. |
|
| 300 | _a1 online resource (vii, 193 pages) | ||
| 336 |
_atext _btxt _2rdacontent |
||
| 337 |
_acomputer _bc _2rdamedia |
||
| 338 |
_aonline resource _bcr _2rdacarrier |
||
| 490 | 1 | _aCiencias Humanas. Comunicación | |
| 504 | _aIncludes bibliographical references. | ||
| 650 | 0 | _aAuthorship. | |
| 650 | 0 | _aAcademic writing. | |
| 650 | 0 | _aBusiness writing. | |
| 830 | 0 |
_aCiencias humanas. _pÁrea comunicación. |
|
| 856 | 4 | 0 | _uhttps://app.vlex.com/#/sources/38282 |
| 942 | _cRAA | ||
| 999 |
_c172671 _d172671 |
||